| 000 | 01157ngm a22003250a 4500 | ||
|---|---|---|---|
| 001 | PT10774 | ||
| 003 | AR-LpoUNG | ||
| 005 | 20210201232258.0 | ||
| 007 | co ||u|||uuuuu | ||
| 008 | 191001s2001||||ag |||||||||||||||||spa d | ||
| 020 | _a9875260770 | ||
| 040 |
_aAR-LpoUNG _bspa _cAR-LpoUNG _eaacr |
||
| 041 | _aspa | ||
| 044 | _aag | ||
| 082 | 0 | _a005.3 245phoV1 | |
| 100 | 1 | _aVenditti, Daniel | |
| 245 | 1 | 0 | _aPhotoshop 6.0 |
| 250 | _a1§ edición | ||
| 260 |
_aBuenos Aires : _bMP, _c2001. |
||
| 520 | _aEste libro corresponde a la primera entrega de una obra formada por dos volumenes que abarca todas las funciones de Adobe Photosop incluídas en la versión 6.0. Sumario: Administración de archivos y manejo de interfase; trabajo con máscaras, canales y filtros; herramientas de pintura, dibujo y efectos; uso y corrección del color, edición de texto e imágen. | ||
| 650 | 4 | _aCIENCIAS DE LA INFORMACION | |
| 650 | 4 | _aCOMPUTACION | |
| 650 | 4 | _aCOMPUTADORAS | |
| 650 | 4 | _aCREATIVIDAD | |
| 650 | 4 | _aDISEÑO | |
| 650 | 4 | _aDISEÑO CON AYUDA DE COMPUTADORAS | |
| 650 | 4 | _aPROGRAMAS DE COMPUTADORA | |
| 905 | _a10774 | ||
| 942 | _cCDDVD | ||
| 999 |
_c53221 _d53221 |
||